000 00391nam a2200157Ia 4500
008 240729s9999 xx 000 0 und d
022 _a2640-396X
245 0 _aJournal of Nematology
260 _aPoland
260 _bSciendo
650 _a Biology (General)
650 _aScience
856 _uhttps://doaj.org/toc/a38718287af14b428202cf80b3c78913
942 _2ddc
942 _cDOAJEJ
999 _c70342
_d70342
945 _a1
_bMadushi Gamage
_c1
_dMadushi Gamage